Vista normal
Vista MARC
Entrada Personal Name
Número de registros utilizados en: 1
001 - CONTROL NUMBER
- control field: 12789
003 - CONTROL NUMBER IDENTIFIER
- control field: DLC
005 - DATE AND TIME OF LATEST TRANSACTION
- control field: 20220617090129.0
008 - FIXED-LENGTH DATA ELEMENTS
- fixed length control field: 870218n| azannaab |a aaa
010 ## - LIBRARY OF CONGRESS CONTROL NUMBER
- LC control number: n 85385696
040 ## - CATALOGING SOURCE
- Original cataloging agency: DLC
- Language of cataloging: spa
- Description conventions: rda
- Transcribing agency: Mx-PuUPA
- Modifying agency: DLC
- Modifying agency: Mx-PuUPA
100 1# - HEADING--PERSONAL NAME
- Personal name: Fox, William P.,
- Dates associated with a name: 1949-
374 ## - OCCUPATION
- Occupation: Autor
375 ## - GENDER
- Gender: hombre
377 ## - ASSOCIATED LANGUAGE
- Language code: eng
400 1# - SEE FROM TRACING--PERSONAL NAME
- Personal name: Fox, William,
- Dates associated with a name: 1949-
670 ## - SOURCE DATA FOUND
- Source citation: Mathematical modeling with Minitab, 1987:
- Information found: CIP t.p. (William P. Fox; U.S. Military Academy) data sheet (b. 12-28-49)
670 ## - SOURCE DATA FOUND
- Source citation: A first course in mathematical modeling, 1997:
- Information found: CIP t.p. (William Fox; U.S. Military Academy, West Point, N.Y.) pref. (William P. Fox) data sheet (b. Dec. 28, 1949)
670 ## - SOURCE DATA FOUND
- Source citation: A first course in mathematical modeling, 2014
- Information found: (William P. Fox, Naval Postgraduate School)